000 00425nam a2200169Ia 4500
008 230711s9999||||xx |||||||||||||| ||und||
020 _a978-93-534-3514-1
041 _aENG
082 _a658.872
_bBH-D
100 _aBhatia, Puneet Singh
245 0 _aFundamentals of Digital Marketing
250 _a2nd Ed.
260 _c2022
_aNew Delhi
_bPearson
300 _a599p.
650 _aUNIVESITY BUSNIESS SCHOOL
942 _cBK
999 _c6994
_d6994